| 000 | 00643cam a22002053a 4500 | ||
|---|---|---|---|
| 001 | 44907 | ||
| 003 | PGUSA | ||
| 005 | 20140828084027.0 | ||
| 008 | 140214s2014||||xxu|||||s|||||000 | eng d | ||
| 040 |
_aPGUSA _beng |
||
| 042 | _adc | ||
| 100 | 1 | _aPratt, Orson | |
| 245 | 1 | 3 |
_aAn Interesting Account of Several Remarkable Visions : _bAnd of the Late Discovery of Ancient American Records _h[electronic resource] / _cOrson Pratt |
| 260 |
_bProject Gutenberg, _c2014 |
||
| 506 | _aPublic domain in the USA. | ||
| 516 | _aElectronic text | ||
| 830 | 0 |
_aProject Gutenberg _v44907 |
|
| 856 | 4 | 0 | _uhttp://www.gutenberg.org/ebooks/44907 |
| 942 | _cEB | ||
| 999 |
_c274158 _d274158 |
||